LEADER 01298nam a2200301 4500 001 000000365098 003 CaOOAMICUS 005 20251113142246.0 008 251110s2025 it a 000 u mul r 020 $a978-88-366-5629-5 040 $aSeMil$bita 100 1 $aMoschini, Clara.$0(OLS)http://semarc/name/123137 245 10$aViaggio delle Statue del Duomo di Milano /$cClara Moschini, Pier Gaia ; disegni di Antonio Monteverdi. 264 1$aMilano :$bSilvana Editoriale,$c2025. 300 $a83 p. :$bill. ;$c24 cm 546 $aTesti in italiano e in cinese 650 4$aMilano - Duomo - Marmi.$0(OLS)http://semarc/subject/32159 650 4$aMilano - Duomo - Sculture.$0(OLS)http://semarc/subject/47852 700 1 $aMonteverdi, Antonio.$0(OLS)http://semarc/name/103142 700 1 $aGaia, Pier.$0(OLS)http://semarc/name/123138 850 $aSeMil 852 $aSeMil$W1$xVenegono$y1$m3O IV 110$j264504$B255942$CSeMilBibl$Z2$F255942 $81 941 1 $a7 961 $aOmaggio mons. Mario Delpini 996 $6020$a978-88-366-5629-5$9(OLS)http://semarc/number/304574 996 $6245$aViaggio delle Statue del Duomo di Milano$9(OLS)http://semarc/title/456638 996 $6264$aMilano :$bSilvana Editoriale$9(OLS)http://semarc/publisher/35298 LEADER 01085nam a2200241 i 4500 001 000000240624 003 CaOOAMICUS 005 20150407000000.0 008 150407s1971 it u000 u ita u 013 $a219529 040 $aSeMil$bita 100 1 $aWright Mills, Charles.$0(OLS)http://semarc/name/28231 240 10$aPower, politics and people.$0(OLS)http://semarc/title/342196 245 10$aSociologia e Conoscenza /$cC. Wright Mills, Appendice all'edizione italiana di Irving Louis Horowitz con bibliografia generale delle opere di C. Wright Mills. 260 $aMilano :$bValentino Bompiani,$ccopyr. 1971. 300 $a483 p. ;$c22 cm. 490 0 $aUomo e società ;$v19 700 1 $aHorowitz, Irving Louis.$0(OLS)http://semarc/name/28232 830 0$aUomo e società ;$v19.$0(OLS)http://semarc/title/17730 850 $aSeMil 852 $aSeMil$W1$xVenegono$y1$m3N II 259$j190970$B190970$CSeMilBibl$Z2$F201789 $81 996 $6245$aSociologia e Conoscenza$9(OLS)http://semarc/title/342195 996 $6260$aMilano :$bValentino Bompiani$9(OLS)http://semarc/publisher/32383